Satellite Award for Best Actor – Motion Picture - Statistics

General Stats
  • This quiz has been taken 6 times
  • The average score is 7 of 39
Answer Stats
Year Actor % Correct
2015 Leonardo DiCaprio
80%
2010 Colin Firth
60%
1997 Jack Nicholson
60%
2002 Michael Caine
60%
2011 Ryan Gosling
60%
2007 Ryan Gosling
60%
2012 Bradley Cooper
40%
2002 Daniel Day-Lewis
40%
2004 Jamie Foxx
40%
2016 Andrew Garfield
20%
1998 Edward Norton
20%
2006 Forest Whitaker
20%
2000 Geoffrey Rush
20%
1996 Geoffrey Rush
20%
2014 Michael Keaton
20%
1997 Robert Duvall
20%
2003 Sean Penn
20%
1996 Tom Cruise
20%
2016 Viggo Mortensen
20%
2007 Viggo Mortensen
20%
2003 Bill Murray
0%
2001 Brian Cox
0%
1998 David Kelly
0%
2004 Don Cheadle
0%
2001 Ewan McGregor
0%
1998 Ian Bannen
0%
2009 Jeremy Renner
0%
2006 Joseph Cross
0%
2002 Kieran Culkin
0%
2013 Matthew McConaughey
0%
2010 Michael Cera
0%
2000 Michael Douglas
0%
2009 Michael Stuhlbarg
0%
2005 Philip Seymour Hoffman
0%
1999 Philip Seymour Hoffman
0%
2008 Richard Jenkins
0%
2008 Ricky Gervais
0%
1999 Terence Stamp
0%
2005 Terrence Howard
0%
No matching quizzes found
Score Distribution
Percent of People with Each Score
Percentile by Number Answered
Your Score History
You have not taken this quiz